|
|
|
|
| LEADER |
01089nam a2200229 a 4500 |
| 001 |
26974 |
| 008 |
130512t20001999ph a b 000 0 eng d |
| 010 |
|
|
|a 2001360482
|
| 020 |
|
|
|a 9718817182
|
| 040 |
|
|
|a DLC
|c DLC
|d BD-DhAAL
|
| 082 |
|
|
|2 22
|a 551.695
|
| 999 |
|
|
|c 13439
|d 13439
|
| 999 |
|
|
|c 13439
|
| 245 |
0 |
0 |
|a Pathways :
|b in search of exemplary practices on environment and sustainable development in Asia /
|c edited by Marie Lisa M. Dacanay and Jose F. Lacaba.
|
| 250 |
|
|
|a 2nd ed.
|
| 260 |
|
|
|a Quezon City :
|b Philippine Rural Reconstruction Movement for the International Conference of Asian Foundations and Organizations,
|c c2000.
|
| 300 |
|
|
|a xi, 298 p. :
|b ill. ;
|c 26 cm.
|
| 541 |
1 |
|
|e 26974
|
| 650 |
|
0 |
|a Sustainable development
|z Asia
|v Case studies.
|a Sustainable development
|z Asia
|x Environmental aspects
|a Environmental policy
|z Asia
|x Economic aspects
|9 1940
|
| 852 |
1 |
|
|a Ayesha Abed Library
|j General Shelf.
|
| 942 |
|
|
|2 ddc
|c BK
|
| 952 |
|
|
|0 0
|1 0
|2 ddc
|4 0
|6 551_695000000000000_PAT
|7 0
|9 22405
|a BRACUL
|b BRACUL
|c GEN
|d 2013-05-19
|e VC of BRACU
|l 0
|o 551.695 PAT
|p 3010026974
|r 2013-05-19
|t 1
|w 2013-05-19
|y BK
|